31-鳥取県の市町村クイズ(1999年) - Statistics

General Stats
  • This quiz has been taken 104 times
  • The average score is 28 of 39
Answers on the Map
Answers color-coded by a green-red scale on the quiz's map according to % correct below.
 
Answer Stats
Answer % Correct
鳥取とっとり
95%
日吉津ひえづそん
93%
米子よなご
93%
境港さかいみなと
91%
岩美いわみちょう
88%
倉吉くらよし
88%
智頭ちづちょう
84%
三朝みささちょう
84%
若桜わかさちょう
84%
江府こうふちょう
81%
日南にちなんちょう
81%
日野ひのちょう
81%
大山だいせんちょう
79%
青谷あおやちょう
77%
気高けたかちょう
77%
大栄だいえいちょう
77%
八東はっとうちょう
74%
北条ほうじょうちょう
74%
赤碕あかさきちょう
70%
羽合はわいちょう
70%
淀江よどえちょう
70%
福部ふくべそん
67%
関金せきがねちょう
65%
岸本きしもとちょう
63%
西伯さいはくちょう
63%
中山なかやまちょう
63%
郡家こおげちょう
60%
佐治さじそん
60%
東郷とうごうちょう
60%
東伯とうはくちょう
60%
名和なわちょう
60%
船岡ふなおかちょう
60%
溝口みぞくちちょう
60%
とまりそん
58%
用瀬もちがせちょう
58%
会見あいみちょう
56%
国府こくふちょう
56%
鹿野しかのちょう
53%
河原かわはらちょう
51%
No matching quizzes found
Score Distribution
Percent of People with Each Score
Percentile by Number Answered
Your Score History
You have not taken this quiz